000 00569 a2200169 4500
003 OSt
005 20231107112351.0
008 231107b |||||||| |||| 00| 0 eng d
020 _a9788194716181
040 _coclc
082 _a954.83
_bKUR/M
100 _aKurup, K K N
_d1939- author.
_91879
245 _a1921 Malabar Samaram Vol 1:
_bPrathirodhangalude charithravum prathyayashastravum /
_cGeneral Editor Dr. K K N Kurup
260 _aKerala:
_bYuvatha Book House,
_c2021.
300 _a400p
942 _2ddc
_cBK
_h954.83
_iKUR/M
_k954.83
_mKUR/M
999 _c42843
_d42843